000 00372nam a2200145 i 4500
001 bg
100 1 _aOPPENHEIMER, Samuel L.
245 0 _aDirect and alternating currents /
_cS.L. Oppenheimer, J.P. Borchers.
260 _aNew York,
_c1963.
700 1 _aBORCHERS, Jean Paul
040 _cBPK
041 _apol
942 _cKS
008 s pl f |000 0 pol
999 _c9026
_d9026
856 _uhttp://koha.tu.koszalin.pl/cgi-bin/koha/opac-detail.pl?biblionumber=9026
_yKatalog online BPK